| 000 | 00920nam a2200301 a 4500 | ||
|---|---|---|---|
| 003 | AR-BaBNM | ||
| 005 | 20251128210812.0 | ||
| 008 | 082120s2002 ||||||||||||||000 | spa|| | ||
| 020 | _a968-432-428-6 | ||
| 040 | _cAR-BaBNM | ||
| 100 | 1 | _aDoyle, Arthur Conan | |
| 245 | 0 | 0 |
_aAventuras de Sherlock Holmes ; _bLa resurrección de Sherlock Holmes ; Nuevas y últimas aventuras de Sherlock Holmes ; La caja de laca ; El embudo de cuero |
| 250 | _a7ª ed. | ||
| 260 |
_aMéxico, D.F. _bPorrúa _c1996 |
||
| 300 | _a362 p. | ||
| 490 | 0 |
_aSepan cuantos... _vv. 345 |
|
| 650 | 4 | _aLITERATURA INGLESA | |
| 650 | 4 | _aSIGLO DIECINUEVE | |
| 650 | 4 | _aANTOLOGIAS | |
| 653 | _aLITERATURA FANTASTICA | ||
| 653 | _aCUENTO POLICIAL | ||
| 655 | _aLITERATURA | ||
| 700 | 1 |
_aFrancés, José _etraductor |
|
| 700 | 1 |
_aPalencia, Julio _etraductor |
|
| 700 | 1 |
_aPalencia, Ceferino _etraductor |
|
| 942 | _cBK | ||
| 998 | _cMARTIN | ||
| 999 |
_c16978 _d16978 |
||